LEADER 01031nam 2200373 450 001 9910796701903321 005 20230807220453.0 010 $a2-335-08749-5 035 $a(CKB)3840000000374642 035 $a(MiAaPQ)EBC5044565 035 $a(Au-PeEL)EBL5044565 035 $a(OCoLC)1086053591 035 $a(EXLCZ)993840000000374642 100 $a20191119d2015 uy d 101 0 $afre 135 $aurcnu|||||||| 181 $ctxt$2rdacontent 182 $cc$2rdamedia 183 $acr$2rdacarrier 200 12$aL'Avide he?ritier /$fE?tienne de Jouy 210 1$a[Place of publication not identified] :$cLigaran,$d[2015] 210 4$dİ2015 215 $a1 online resource (84 pages) 606 $aFrench drama$y19th century 615 0$aFrench drama 676 $a842.009 700 $aJouy$b E?tienne de$f1764-1846,$0430235 801 0$bMiAaPQ 801 1$bMiAaPQ 801 2$bMiAaPQ 906 $aBOOK 912 $a9910796701903321 996 $aL'Avide he?ritier$93729719 997 $aUNINA LEADER 01709nam0 22003373i 450 001 VAN00110968 005 20240806100743.428 010 $a978-88-217-6164-5 100 $a20171002d2017 |0itac50 ba 101 $aita 102 $aIT 105 $a|||| ||||| 200 1 $aCodice commentato del fallimento$ediritto europeo, normativa transfrontaliera, normativa tributaria, amministrazione straordinaria, sovraindebitamento$fdiretto da Giovanni Lo Cascio 205 $a4. ed 210 $aAssago$cWolters Kluwer$d2017 215 $aXXXIV, 3312 p.$d22 cm. 410 1$1001VAN00104399$12001 $aCommentari IPSOA$1210 $aMilanofiori, Assago$cWolters Kluwer$d2013-. 606 $aFallimento$xItalia$xLegislazione$3VANC033224$2EC 620 $dAssago$3VANL001664 676 $a346.4507802632$v21 700 1$aLo Cascio$bGiovanni$3VANV001537$0112104 712 $aWolters Kluwer $3VANV112727$4650 801 $aIT$bSOL$c20240906$gRICA 856 4 $uhttps://shop.wki.it/documenti/00216504_est.pdf$zhttps://shop.wki.it/documenti/00216504_est.pdf 899 $aBIBLIOTECA DEL DIPARTIMENTO DI GIURISPRUDENZA$1IT-CE0105$2VAN00 912 $aVAN00110968 950 $aBIBLIOTECA DEL DIPARTIMENTO DI ECONOMIA$d03CONS IVCa75 $e03BDE1410 20171002 $sBuono 950 $aBIBLIOTECA DEL DIPARTIMENTO DI GIURISPRUDENZA$d00CONS VI.D.119 $e00UBG2030 20171002 950 $aBIBLIOTECA DEL DIPARTIMENTO DI ECONOMIA$d03PREST IVCa75bis $e03 34265 20230929 996 $aCodice commentato del fallimento$91521630 997 $aUNICAMPANIA